LETA. Nacionālā ziņu aģentūra

Bibliographic Details
Format: eBook
Language:English
Published: [s.l] : Asianet, 2013 -
Subjects:
Online Access:Acceso restringido

MARC

LEADER 00000nam a22000007a 4500
005 20141023181826.0
007 cr|||| ||||
008 141023c20139999lv dr|| s|||| 0|||b1eng d
035 |a 11749 
040 |a vLex 
090 |c 5267  |d 5267 
245 0 0 |a LETA. Nacionālā ziņu aģentūra  |h [Recurso electrn̤ico]  
256 |a Servicio en ln̕ea 
260 |a [s.l] :  |b Asianet,  |c 2013 -  
300 |a 1 recurso electrn̤ico 
362 1 |a Nm︢. 1 (2013) -  
506 0 |a Contenido disponible en los productos indicados  |d vLex Global  |d vLex Global (Academic Edition, excluding Law Schools)  |d vLex Global (U.S. Academic Edition, Law Schools)  |d vLex Global (U.S. Academic Edition, excluding Law Schools)  |d vLex Global (Academic Edition, Law Schools) 
650 0 4 |a Agencias de noticias  |z Letonia 
740 0 |a vLex Revistas (Servicio en ln̕ea) 
856 4 0 |u http://vlex.com/source/leta-nacionala-zinu-agentura-11749  |z Acceso restringido 
942 |c REV 
999 0 |a News agencies